000 00294nam a22001337a 4500
008 170904b xxu||||| |||| 00| 0 eng d
020 _a9780205293094
041 _aeng
080 _22ND
_a070
100 _a40
101 _aMED
245 _aPUBLIC SPEAKING
_cBOOKWALTER,R.B
942 _2udc
_cBK
999 _c26020
_d26020